Com o humor não se brinca (Record no. 15579)

MARC details
000 -Etiqueta do registo
Valores 00878nam a2200265 4500
010 ## - Número ISBN
ISBN 9789898843678
021 ## - Número do Depósito Legal
Número 414463/16
100 ## - Dados gerais de processamento
Dados gerais 20170112d2016 m y0pory50030103ba
200 1# - Titulo e menção de responsabilidade
Título próprio Com o humor não se brinca
Informação de outro título o que os melhores humoristas portugueses têm a dizer sobre a comédia
Primeira menção de responsabilidade Nelson Nunes
Outras menções de responsabilidade pref. Filipe Homem Fonseca
205 ## - Menção da edição
Edição 1ª ed
210 #9 - Publicação
Local de publicação Amadora
Nome do editor Vogais,
Data de publicação 2016
215 ## - Descrição física 
Paginação / Volumes 351 p.
Outras indicações físicas il.
Dimensões 23 cm
300 ## - Notas gerais 
Texto da nota PADES
606 ## - Nome comum usado como assunto
ID Autoridade 24
Palavra de ordem Comédia
606 ## - Nome comum usado como assunto
ID Autoridade 26
Palavra de ordem Humor
606 ## - Nome comum usado como assunto
ID Autoridade 25
Palavra de ordem Humoristas portugueses
675 ## - CDU
Notação 7.071A/Z(469)"20"
Edição BN
Língua por
675 ## - CDU
Notação 821.134.3-7"20".09(042)
Edição BN
Língua por
700 #1 - Autor principal (pessoa individual)
Apelido Nunes,
Nome Nelson
702 #1 - Autor secundário (pessoa individual)
Apelido Fonseca,
Nome Filipe Homem,
Datas 1974-
801 #0 - Fonte de origem
País PT
Agência BN
Regras de catalogação RPC
856 41 - Localização e acesso electrónico 
URL <a href="http://rnod.bnportugal.gov.pt/ImagesBN/winlibimg.aspx?skey=&doc=1953276&img=88898&save=true">http://rnod.bnportugal.gov.pt/ImagesBN/winlibimg.aspx?skey=&doc=1953276&img=88898&save=true</a>
990 ## - Elementos KOHA
Tipo de documento Livro
Holdings
Situação do levantamento Estado Número Biblioteca de origem Código de barras Cota Permissão de empréstimo Tipo de documento Forma de aquisição
    BMA Biblioteca Municipal do Alandroal 15896/21 792.22 NUN   Livro Compra

Powered by Koha